Psychology in action : (Record no. 129562)

MARC details
000 -LEADER
fixed length control field 00707nam a2200229Ia 4500
008 - FIXED-LENGTH DATA ELEMENTS--GENERAL INFORMATION
fixed length control field
020 ## - INTERNATIONAL STANDARD BOOK NUMBER
International Standard Book Number 0732990513 (pbk.)
049 ## - LOCAL HOLDINGS (OCLC)
Holding library MAIN
090 ## - LOCALLY ASSIGNED LC-TYPE CALL NUMBER (OCLC); LOCAL CALL NUMBER (RLIN)
Classification number (OCLC) (R) ; Classification number, CALL (RLIN) (NR) BF121
Local cutter number (OCLC) ; Book number/undivided call number, CALL (RLIN) RIC
003 - CONTROL NUMBER IDENTIFIER
control field
005 - DATE AND TIME OF LATEST TRANSACTION
control field 20230123122212.0
040 ## - CATALOGING SOURCE
Transcribing agency NUST
100 1# - MAIN ENTRY--PERSONAL NAME
Personal name Edwin Ricci.
245 10 - TITLE STATEMENT
Title Psychology in action :
Remainder of title an introductory text /
Statement of responsibility, etc. Edwina Ricci [and] Nicole Letch.
260 ## - PUBLICATION, DISTRIBUTION, ETC.
Place of publication, distribution, etc. South Yarra :
Name of publisher, distributor, etc. Macmillan Education Australia,
Date of publication, distribution, etc. c2004.
300 ## - PHYSICAL DESCRIPTION
Extent vl, 234p. :
Other physical details ill col. ;
Dimensions 29 cm.
504 ## - BIBLIOGRAPHY, ETC. NOTE
Bibliography, etc. note Includes bibliographical references.
500 ## - GENERAL NOTE
General note Includes index.
650 #0 - SUBJECT ADDED ENTRY--TOPICAL TERM
Topical term or geographic name entry element Psychology
Form subdivision Textbooks.
907 ## - LOCAL DATA ELEMENT G, LDG (RLIN)
a .b10370973
b 02-03-16
c 02-03-16
942 ## - ADDED ENTRY ELEMENTS (KOHA)
Koha item type Ordinary Loan Books
Call number prefix BF121
Call number suffix RIC
Holdings
Date last seen Total Checkouts Full call number Barcode Cost, replacement price Price effective from Koha item type Lost status Source of classification or shelving scheme Damaged status Not for loan Collection Withdrawn status Home library Current library Shelving location Date acquired Cost, normal purchase price
01/23/2023 3 BF121 RIC 92004039077 80.00 01/23/2023 BOOKS   LCC     NFIC   MAIN MAIN GEN 01/23/2023 80.00